000 00292nam a22001337a 4500
008 171030b xxu||||| |||| 00| 0 eng d
020 _a9781931914901
041 _aeng
080 _a336
100 _a56
101 _aFIN
245 _aQUANTITATIVE REASONING
_cALICIA.S
942 _2udc
_cBK
999 _c36372
_d36372